000 00778cab a2200241 4500
001 WB3401-36
008 090401t1998 xxu||||| |||| 00| 0 eng d
035 _a(Sirsi) u82975
041 _aeng
245 _aCBOT plans futures on real estate
260 _c1998
350 _a0
490 _aFinancial Times
_v6 January 1998, 26(1)
520 _aChicago Board of Trade is to launch a new real estate futures contract based on the Dow Jones index of real estate investment trusts.
650 _aCHICAGO BOARD OF TRADE
650 _aDERIVATIVES
650 _aDOW JONES INDEX OF REAL ESTATE INVESTMENT TRUSTS
650 _aPROPERTY FUTURES
650 _aREAL ESTATE FUTURES
690 _aPROPERTY-PROPERTY FINANCE AND INVESTMENT
942 _n0
948 _c06/01/1998
999 _c52410
_d52410